| 000 | 01295nam a2200325 c 4500 | ||
|---|---|---|---|
| 003 | BLK | ||
| 005 | 20240924114541.0 | ||
| 008 | 180413b bul|||||r ||||||| ||bul|| | ||
| 010 | _aKNG00026116000 | ||
| 040 | _aBLK | ||
| 041 |
_aBUL _cBUL |
||
| 080 |
_aАмериканска литература (на САЩ) _b821.111(73) _x-31 _z821.111(73)-31 |
||
| 100 | 1 |
_aДжеф, Рона _eпърви автор _9246903 |
|
| 700 | 1 |
_aЛозанова, Галина Каменова _d1955 - _989394 |
|
| 139 |
_aДжеф, Рона _bД 51 |
||
| 245 | 1 | 0 |
_aЖенски съдби _bРоман _cРона Джеф; прев. от англ. Галина Каменова Лозанова. |
| 257 | _aUSA | ||
| 260 |
_аСофия _bПлеяда _c1998 _fВраца : Полипринт |
||
| 300 |
_a412 с. _c20 см |
||
| 380 | _aX | ||
| 490 | 1 | _aПоредица Пеперуда : Съвременна романтична проза | |
| 500 | _aОриг. загл. The Best of Everything / Rona Jaffe. - Офс. изд. | ||
| 653 | _aромантична проза | ||
| 852 | _aЦб 197821 | ||
| 856 | 4 |
_qpdf _u |
|
| 856 | 4 |
_qpdf _u |
|
| 942 |
_cKNG _n0 |
||
| 944 |
_aCR _c15.01.2003 _k30560 _lГеновева Генчева |
||
| 944 |
_aED _c07.10.2016 _kКети_Илиева |
||
| 999 |
_c23633 _d23633 |
||